Statistics for Countries with Most Nobel Prizes by Continent

Click here to take the quiz!

General Stats

  • This quiz has been taken 15,465 times
    (15,426 since last reset)
  • The average score is 20 of 24

Answer Stats

HintAnswer% Correct
North America375United States
99%
North America26Canada
99%
Asia5China
98%
Europe129United Kingdom
98%
Europe69France
98%
North America3Mexico
97%
Oceania12Australia
97%
Europe108Germany
97%
Africa10South Africa
96%
Asia27Japan
96%
South America5Argentina
95%
Oceania3New Zealand
95%
Africa4Egypt
94%
Asia10India
92%
Europe25Russia
92%
South America2Chile
90%
South America2Colombia
88%
Europe32Sweden
86%
Africa2Algeria
66%
North America2Guatemala
63%
Asia12Israel
59%
Asia6Taiwan
51%
North America2St. Lucia
27%
Africa2Liberia
19%

Score Distribution

Percentile by Number Answered

Percent of People with Each Score

Your Score History

You have not taken this quiz since the last reset